| 000 | 00456nam a22001577a 4500 | ||
|---|---|---|---|
| 082 |
_a620.112 _bPOO _cL-21, P-36 |
||
| 100 |
_aPoorman, Alfred P _939807 |
||
| 245 |
_aStrength of materials _cAlfred P. Poorman |
||
| 250 | _a4th | ||
| 260 |
_aNew York _bMcGraw-Hill Book Company, Inc _c1945 |
||
| 300 | _axiii, 339 p.: | ||
| 526 |
_a0 _b0 _c0 _d620_112000000000000_POO |
||
| 526 |
_a0 _b0 _c0 _d620_112000000000000_POO |
||
| 650 |
_aMCE _9379 |
||
| 942 |
_2ddc _cBK |
||
| 999 |
_c545096 _d545096 |
||